<?xml version="1.0" encoding="UTF-8"?><?xml-stylesheet type="text/xsl" href="static/style.xsl"?><OAI-PMH xmlns="http://www.openarchives.org/OAI/2.0/" xmlns:xsi="http://www.w3.org/2001/XMLSchema-instance" xsi:schemaLocation="http://www.openarchives.org/OAI/2.0/ http://www.openarchives.org/OAI/2.0/OAI-PMH.xsd"><responseDate>2026-04-17T02:56:09Z</responseDate><request verb="GetRecord" identifier="oai:www.recercat.cat:2117/362358" metadataPrefix="marc">https://recercat.cat/oai/request</request><GetRecord><record><header><identifier>oai:recercat.cat:2117/362358</identifier><datestamp>2026-02-07T11:49:42Z</datestamp><setSpec>com_2072_1033</setSpec><setSpec>col_2072_452950</setSpec></header><metadata><record xmlns="http://www.loc.gov/MARC21/slim" xmlns:dcterms="http://purl.org/dc/terms/" xmlns:xsi="http://www.w3.org/2001/XMLSchema-instance" xmlns:doc="http://www.lyncode.com/xoai" xsi:schemaLocation="http://www.loc.gov/MARC21/slim http://www.loc.gov/standards/marcxml/schema/MARC21slim.xsd">
   <leader>00925njm 22002777a 4500</leader>
   <datafield ind2=" " ind1=" " tag="042">
      <subfield code="a">dc</subfield>
   </datafield>
   <datafield ind2=" " ind1=" " tag="720">
      <subfield code="a">Pérez Fernández, Iago</subfield>
      <subfield code="e">author</subfield>
   </datafield>
   <datafield ind2=" " ind1=" " tag="720">
      <subfield code="a">Barreiro, Marcelo</subfield>
      <subfield code="e">author</subfield>
   </datafield>
   <datafield ind2=" " ind1=" " tag="720">
      <subfield code="a">Masoller Alonso, Cristina</subfield>
      <subfield code="e">author</subfield>
   </datafield>
   <datafield ind2=" " ind1=" " tag="260">
      <subfield code="c">2021-12-27</subfield>
   </datafield>
   <datafield ind2=" " ind1=" " tag="520">
      <subfield code="a">This study assesses the impact of low-frequency climate modes on Rossby Wave Packets (RWPs) during southern hemisphere summer. In particular, we focus on long-lived RWPs (lifespan above 8 days) and determine how El Niño-Southern Oscillation (ENSO) and the Southern Annular Mode (SAM) influence their statistics, that is, their duration, frequency of occurrence, and activity areas. We used daily mean meridional winds at 300 hPa from December to March between 1979 and 2020 from the ERA5 and NCEP-DOE 2 reanalyses. We found that long-lived wave packets, which are a small percentage of the total number of wave packets, show large interannual variability; there are years in which these types of waves do not occur and years that present up to 9 wave packets. This suggests that large-scale circulation conditions set up by low-frequency climate modes can modulate their occurrence. Classifying years according to SAM phases reveals that the occurrence of long-lived RWPs is highest (lowest) during intense negative (positive) SAM events. ENSO influence, on the other hand, was found to be weak and not robust. Analysis of large scale circulation conditions shows that during negative SAM phases the jet shifts northward, strengthens in the Indian sector, and extends further into the Pacific basin, so that it acts as a better waveguide favoring the propagation of long-lived RWPs. Conversely, during positive phases of SAM, the jet shifts southward and an anticyclonic center develops to the southwest of Australia blocking the jet and the progression of the wave packets.</subfield>
   </datafield>
   <datafield ind2=" " ind1=" " tag="520">
      <subfield code="a">This project has received funding from the European Union’s Horizon 2020 research and innovation programme under the Marie Skłodowska-Curie grant agreement No 813844 (ITN CAFÉ). C.M acknowledges partial support from Span-ish Ministerio de Ciencia, Innovación y Universidades (PGC2018-099442-B-I00) and from ICREA ACADEMIA program of Generalitat de Catalunya.</subfield>
   </datafield>
   <datafield ind2=" " ind1=" " tag="520">
      <subfield code="a">Postprint (published version)</subfield>
   </datafield>
   <datafield tag="653" ind2=" " ind1=" ">
      <subfield code="a">Àrees temàtiques de la UPC::Física</subfield>
   </datafield>
   <datafield tag="653" ind2=" " ind1=" ">
      <subfield code="a">Southern Hemisphere -- Climate</subfield>
   </datafield>
   <datafield tag="653" ind2=" " ind1=" ">
      <subfield code="a">Atmospheric circulation</subfield>
   </datafield>
   <datafield tag="653" ind2=" " ind1=" ">
      <subfield code="a">Weather forecasting</subfield>
   </datafield>
   <datafield tag="653" ind2=" " ind1=" ">
      <subfield code="a">Hemisferi sud -- Clima</subfield>
   </datafield>
   <datafield tag="653" ind2=" " ind1=" ">
      <subfield code="a">Circulació atmosfèrica</subfield>
   </datafield>
   <datafield tag="653" ind2=" " ind1=" ">
      <subfield code="a">Previsió del temps</subfield>
   </datafield>
   <datafield ind2="0" ind1="0" tag="245">
      <subfield code="a">ENSO and SAM Influence on the Generation of Long Episodes of Rossby Wave Packets During Southern Hemisphere Summer</subfield>
   </datafield>
</record></metadata></record></GetRecord></OAI-PMH>